000 00695nam a2200205Ia 4500
003 GCL
008 140319s9999 xx 000 0 ara d
040 _aGCL /
_cGCL
082 0 4 _a822
_bا ك
100 1 _aعبدالحليم البشلاوى
245 1 0 _aكلهم ابنائى /
_cعبدالحليم البشلاوى
700 1 _aملر , ارثر
260 _a[S.N] :
_bمكتبة مصر ،
_c1987
300 _a156 ص
490 _aمكتبة الفنون الدرامية
_v0
650 0 4 _aالادب الامريكى المترجم
650 0 4 _aالمسرح الامريكى المترجم
650 0 4 _aالمسرحيات الامريكية المترجمة
942 _2ddc
_cBK
999 _c35838
_d35838